| 000 | 01756 a2200241 4500 | ||
|---|---|---|---|
| 020 | _a0415365414 | ||
| 020 | _a9780415365413 | ||
| 082 | 0 | 4 | _a790.069 |
| 090 |
_c1695 _d1695 |
||
| 100 | 1 | _aJenkins, John. | |
| 245 | 1 | 0 |
_aOutdoor recreation management / _cJohn Jenkins. |
| 250 | _a2nd ed. | ||
| 260 |
_a[S.l.] : _bRoutledge, _c2006. |
||
| 300 |
_a440 p. ; _c23 cm. |
||
| 490 | 1 | _aRoutledge advances in tourism. | |
| 500 | _aPaperback. | ||
| 520 | _aThe ability to manage natural resources within an outdoor recreation context is becoming increasingly important as greater participation in such activities is placing pressure on the environment. This book clarifies the link between leisure, recreation, tourism and resource management; reviews contemporary outdoor recreation and resource management concepts and issues; critically examines approaches to outdoor recreation planning and management in diverse settings; and considers the future of outdoor recreation management This comprehensively revised new edition has many sections rewritten and expanded to reflect contemporary development in leisure and outdoor recreation management in countries such as Australia, Canada, the UK, the US and New Zealand. With extensive use of figures, plates, tables and boxed case studies highlighting theoretical and applied developments, Outdoor Recreation Management 2nd Edition is accessible and student-friendly, offering a truly international focus. | ||
| 700 | 1 | _aPigram, John. | |
| 830 | 0 | _aRoutledge advances in tourism. | |
| 856 | 4 | 0 |
_3Amazon.com _uhttp://www.amazon.com/exec/obidos/ASIN/0415365414/chopaconline-20 |
| 856 | 4 | 0 |
_3Amazon customer reviews _uhttp://www.chopac.org/cgi-bin/tools/azrev.pl?q=0415365414 |
| 942 |
_aNBS _cBK _k790.069 PIG |
||
| 999 |
_c344210 _d344210 |
||